000 00410nam a2200157Ia 4500
008 210210b1992 xxu||||| |||| 00| 0 eng d
020 _a81 7238 006 2
082 _a363.73 MISA
100 _aMISRA (S G).
245 _aAir and atmospheric pollutants.
260 _aNew Delhi.
_bVenus Publishing House.,
_c1992
300 _a192
650 _aAir Pollution
690 _aSocial Problems
906 _a051563
999 _c100081
_d100081